000 01272nam0a22002651 4500
001 rc\3782325
005 20120207130614.8
035 _a(NLR Aleph) 007231789
090 _a7729654
_c7729654
100 _a20120207d1975 |||y0rusy50 ca
101 0 _arus
102 _aRU
105 _ay z |||||
200 1 _aСовременные средства транспортирования, накопления и перегрузки металла на поточных линиях машиностроительных заводов
_f[Объединение по руководству науч.-техн. информацией и пропагандой в РСФСР при Гос. ком. Совета Министров СССР по науке и технике. Гос. НИИ науч. и техн. информации] (ГосИНТИ)
210 _aМосква
_cБ. и.
_d1975
215 _a18 с.
_d21
225 1 _aОбзорная информация
_v30
300 _aНа 2-й с. обл.: подгот. Е.Т. Левин
333 _aДСП. Экз. № 09
700 1 _aЛевин
_bЕ. Т.
_gЕвгений Теодорович
801 0 _aRU
_bNLR
_gpsbo
801 1 _aRU
_bELAR
_2rusmarc
852 _aNLR
_jП10/6039
942 _cBOOK
980 _aNB